000 00649nam a2200217 a 4500
001 4037659
005 20241108181028.0
008 980114s1997 maua 001 0 eng
020 _a9780760049044
050 0 0 _aQA76.9.D26
_bR62 1997
082 0 0 _a005.74
_221
100 1 _aRob, Peter.
245 1 0 _aDatabase systems :
_bdesign, implementation, and management /
_cPeter Rob, Carlos Coronel.
250 _a3rd ed.
260 _aCambridge, MA :
_bCourse Technology,
_cc1997.
300 _axxv, 797 p. :
_bill. ;
_c27 cm.
650 0 _aDatabase design.
650 0 _aDatabase management.
700 1 _aCoronel, Carlos.
942 _2lcc
_cBK
_e3rd Ed.
_n0
999 _c942
_d942